000 00848cam a22002531 4500
001 7405887
003 ARRUPE
005 20131204142946.0
008 750813r19461945enka 000 0 eng c
010 _aa 46003759
035 _a(OCoLC)1542860
040 _aHarvard univ. Library
_cGU
_dOCoLC
_dDLC
050 0 0 _aDS710
_b.B38
082 _a915.1
100 1 _aBeaton, Cecil,
_d1904-1980.
_95153
245 1 0 _aChinese album
_c[by] Cecil Beaton.
260 _a[London]
_bB. T. Batsford, ltd.
_c[1946]
300 _a4 p. l., 77, [1] p. of illus. (incl. ports.)
_c23 cm.
500 _a"First published, winter, 1945-6."
500 _aA supplementary volume to the author's Far East, published 1945. cf. Dust jacket.
651 0 _aChina
_vPictorial works.
_95154
906 _a7
_bcbc
_coclcrpl
_du
_encip
_f19
_gy-gencatlg
942 _2lcc
_cMONOGRAPH
999 _c119084
_d119084